Early markers of occupational lead nephropathy /
Saved in:
| Main Author: | |
|---|---|
| Format: | Thesis Book |
| Language: | English |
| Published: |
1994.
|
| Subjects: | |
| Tags: |
Add Tag
No Tags, Be the first to tag this record!
|
| LEADER | 00876cam a2200253 a 4500 | ||
|---|---|---|---|
| 001 | u433882 | ||
| 003 | SIRSI | ||
| 008 | 990106s1994 si v 0 eng | ||
| 035 | |a ACG-4219 | ||
| 040 | |a UMP | ||
| 096 | |a WJ300 |b Chi 1994 | ||
| 100 | 1 | 0 | |a Chia, Kee Seng |
| 245 | 0 | 0 | |a Early markers of occupational lead nephropathy / |c Chia Kee Seng |
| 260 | 0 | |c 1994. | |
| 300 | |a xiii, leaves 194 : |b ill.(some col.) |c 29 cm. | ||
| 500 | |a A thesis submitted for the degree of Doctor of Medicine, National University of Singapore, 1994. | ||
| 502 | |a Thesis (M. D) - National University of Singapore, 1994. | ||
| 504 | |a Bibliography: leaves 160-182 | ||
| 650 | 2 | |a Environmental Exposure. | |
| 650 | 2 | |a Kidney Diseases. | |
| 650 | 2 | |a Biological Markers. | |
| 948 | |a 06/01/1999 |b 28/07/1999 | ||
| 596 | |a 2 | ||
| 999 | |a WJ300 CHI 1994 |w NLM |c 1 |i A502774832 |l STACKS |m P02MEDKL |r Y |s Y |t TESIS |u 28/7/1999 | ||
